000 01331nam0a22003131 4500
001 v19\rc\1575693
005 20061002104735.6
035 _a(NLR Aleph) 004835678
090 _a4768736
_c4768736
100 _a20061002d1893 |||y0rusy50 ca
101 0 _arus
102 _aRU
105 _ay z |||||
200 1 _aРасписание зимних занятий
210 _aКиев
_d1893
215 _a6 с.
225 1 _aЖенская практическая школа сельского хозяйства и домоводства М.П. Мариуц-Гриневой. [Издания]
_v6
702 1 _aМариуц-Гринева
_bМ. Н.
_gМария Николаевна
_4570
710 0 2 _aЖенская практическая школа сельского хозяйства и домоводства М.Н. Мариуца-Гриневой
_cс. Зозулинцы, Бердичевск. уезд
790 1 _aГринева
_bМ. Н.
_gМария Николаевна
790 1 _aМариуца-Гринева
_bМ. Н.
_gМария Николаевна
790 1 _aМариуц-Гринева
_bМ. П.
801 0 _aRU
_bNLR
_gpsbo
801 0 _aRU
_bRuMoRGB
_2psbo
801 1 _aRU
_bProSoft-M
_2rusmarc
852 _aNLR
_j18.182.6.311(6)
899 _aRuMoRGB
_jA 198/476
942 _cBOOK
980 _aNB